Logo CIB grande

Organic chemistry (Registro nro. 237952)

Detalles MARC
000 -LEADER
campo de control de longitud fija 00580nam a22002177a 4500
003 - IDENTIFICADOR DE NÚMERO DE CONTROL
campo de control EC-GqESP
005 - FECHA Y HORA DE LA ÚLTIMA TRANSACCIÓN
campo de control 20250527131815.0
008 - DATOS DE LONGITUD FIJA--INFORMACIÓN GENERAL
campo de control de longitud fija 250527b |||||||| |||| 00| 0 eng d
020 ## - NÚMERO INTERNACIONAL ESTÁNDAR DEL LIBRO
Número Internacional Estándar del Libro 978-0-19-927029-3
041 ## - CÓDIGO DE IDIOMA
Código de lengua del texto/banda sonora o título independiente ENG
082 ## - NÚMERO DE LA CLASIFICACIÓN DECIMAL DEWEY
Número de clasificación 547
100 ## - ENTRADA PRINCIPAL--NOMBRE DE PERSONA
Nombre de persona Clayden, Jonathan
245 ## - MENCIÓN DEL TÍTULO
Título Organic chemistry
Mención de responsabilidad, etc. Nick Grevees; Stuart Warren
250 ## - MENCION DE EDICION
Mención de edición Second Edition
260 ## - PUBLICACIÓN, DISTRIBUCIÓN, ETC.
Lugar de publicación, distribución, etc. New York
Nombre del editor, distribuidor, etc. OXFORD UNIVERSITY PRESS
Fecha de publicación, distribución, etc. 2012
300 ## - DESCRIPCIÓN FÍSICA
Extensión 1234 p.
Otras características físicas Indice
Dimensiones 28.5x30.5 cm
650 ## - PUNTO DE ACCESO ADICIONAL DE MATERIA--TÉRMINO DE MATERIA
Término de materia o nombre geográfico como elemento de entrada Química orgánica
700 ## - ENTRADA AGREGADA--NOMBRE PERSONAL
Nombre de persona Grevees, Nick
700 ## - ENTRADA AGREGADA--NOMBRE PERSONAL
Nombre de persona Warren, Stuart
942 ## - ELEMENTOS DE ENTRADA SECUNDARIOS (KOHA)
Tipo de ítem Koha Libros
Existencias
Estatus retirado Estado de pérdida Fuente de la clasificación o esquema de estantería Estado de daño No para préstamo Biblioteca de origen Biblioteca actual Fecha de adquisición Coste, precio normal de compra Etiqueta RFID Total de préstamos Signatura topográfica completa Código de barras Visto por última vez Copia número Tipo de ítem Koha
    Clasificación Decimal Dewey     CENTRO DE INFORMACIÓN BIBLIOTECARIA CENTRO DE INFORMACIÓN BIBLIOTECARIA 09/04/2025 5.00 0000000000000000037755   CLA D-202405 27/05/2025 1 Libros

Copyright 2025 ESPOL. Todos los derechos reservados.